00568 a2200181 4500001000700000003000400007005001700011008004100028082001800069100002200087245005100109260003100160300001000191690004800201942001200249999001300261952011200274066967OSt20211022122009.0  a422.403bM31F1 aManser, Martin H.1 aForeign words and phrasescby Martin H. Manser aNew YorkbCheck Markc2002 a432p. aEnglish language--Foreign words and phrases 2ddccBK c958d958 00102ddc40708TXBaCURAJbCURAJd2012-03-07eENGg175.00o422.403 M31Fp1253r2024-11-21w2020-09-02yBK